000 00433cam a22001337a 4500
008 180718b1998 xxu||||| |||| 00| 0 eng d
082 _aB7 D885
100 _aDukhira, Chit
245 _aLocal governance in the global village: a comparative study of contemporary local government
_cby Chit Dukhira
260 _aPlaine Lauzun
_bChit Dukira
_c1998
300 _a162p.
650 _aComparative government.
650 _aLocal government
999 _c492093
_d492093